000 00390nam a2200133Ia 4500
008 231129s9999||||xx |||||||||||||| ||spa||
020 _a958-02-0490-X
040 _bspa
082 _a860.6 o65l
100 _aOrdoƱez Nates Edgar
245 0 _aAnalisis de Las lanzas coloradas: Arturo Uslar Pietri (Venezuela)
264 _aVoluntad
942 _2ddc
_cBKS
999 _c5062
_d5062